Every City of Federal Subject Significance in Russia on a Map - Statistics

General Stats
  • This quiz has been taken 71 times
  • The average score is 96 of 557
Answers on the Map
Answers color-coded by a green-red scale on the quiz's map according to % correct below.
 
Answer Stats
Federal subjects Population Status Answers % Correct
Moscow 13010.11K Moscow
95%
Omsk 1125.70K Omsk
95%
Chelyabinsk 1189.53K Chelyabinsk
93%
Bashkortostan 1144.81K Ufa
93%
Irkutsk 617.26K Irkutsk
90%
Perm 1034.00K Perm
90%
Saint Petersburg 5601.91K Saint Petersburg
90%
Sevastopol 485.39K Sevastopol
90%
Volgograd 1028.04K Volgograd
90%
Sverdlovsk 1544.38K Yekaterinburg
90%
Kaliningrad 490.45K Kaliningrad
88%
Murmansk 270.38K Murmansk
88%
Nizhny Novgorod 1226.08K Nizhny Novgorod
88%
Samara 1173.30K Samara
88%
Tomsk 556.48K Tomsk
88%
Tatarstan 1308.66K Kazan
86%
Novosibirsk 1633.60K Novosibirsk
86%
Primorsky 603.52K Vladivostok
86%
Arkhangelsk 301.20K Arkhangelsk
83%
Kursk 440.05K Kursk
83%
Yaroslavl 28.12K Under municipal okrug Rostov
83%
Rostov 1142.16K Rostov-on-Don
83%
Voronezh 1057.68K Voronezh
83%
Sakha 355.44K Yakutsk
83%
Krasnodar 1099.34K Krasnodar
81%
Orenburg 543.65K Orenburg
81%
Saratov 901.36K Saratov
81%
Krasnodar 466.08K Sochi
81%
Novgorod 224.29K Veliky Novgorod
81%
Astrakhan 475.63K Astrakhan
79%
Krasnoyarsk 1187.77K Krasnoyarsk
79%
Tula 473.62K Tula
79%
Tver 416.22K Tver
79%
Vladimir 349.95K Vladimir
79%
Lipetsk 496.40K Lipetsk
76%
Pskov 193.08K Pskov
76%
Tyumen 847.49K Tyumen
76%
Sakhalin 181.59K Yuzhno-Sakhalinsk
76%
Belgorod 339.98K Belgorod
74%
Bryansk 379.15K Bryansk
74%
Chechnya 328.53K Grozny
74%
Yaroslavl 577.28K Yaroslavl
74%
Kaluga 337.06K Kaluga
71%
Dagestan 623.25K Makhachkala
71%
Penza 501.11K Penza
71%
Ryazan 528.60K Ryazan
71%
Smolensk 316.57K Smolensk
71%
Tambov 261.80K Tambov
71%
Ivanovo 361.64K Ivanovo
69%
Khabarovsk 617.44K Khabarovsk
69%
Kamchatka 164.90K Petropavlovsk-Kamchatsky
69%
Stavropol 547.44K Stavropol
69%
Ulyanovsk 617.35K Ulyanovsk
69%
Vologda 313.94K Vologda
69%
Crimea 340.54K Simferopol
67%
Buryatia 437.57K Ulan-Ude
67%
Kirov 468.21K Kirov
64%
Kurgan 310.91K Kurgan
64%
Magadan 90.76K Magadan
64%
Udmurt 623.47K Izhevsk
62%
Krasnoyarsk 174.45K Norilsk
62%
Oryol 303.17K Oryol
62%
Samara 684.71K Tolyatti
62%
Altai Krai 630.88K Barnaul
60%
Kemerovo 557.12K Kemerovo
60%
Crimea 154.62K Kerch
60%
Kostroma 267.48K Kostroma
60%
Crimea 74.65K Yalta
60%
Zabaykalsky 334.43K Capital of federal subject Chita
57%
Kalmykia 102.58K Elista
55%
North Ossetia–Alania 295.83K Vladikavkaz
55%
Chelyabinsk 410.59K Magnitogorsk
52%
Krasnodar 262.29K Novorossiysk
52%
Karelia 234.90K Petrozavodsk
52%
Chukotka 13.20K Anadyr
50%
Khanty-Mansi 396.44K Surgut
50%
Chuvashia 497.81K Cheboksary
48%
Mordovia 314.87K Saransk
48%
Khabarovsk 238.51K Komsomolsk-on-Amur
45%
Sverdlovsk 338.97K Under municipal okrug Nizhny Tagil
45%
Kemerovo 537.48K Novokuznetsk
45%
Irkutsk 224.07K Bratsk
43%
Crimea 66.29K Feodosia
43%
Moscow Oblast 257.13K Khimki
43%
Tuva 125.24K Kyzyl
43%
Orenburg 189.20K Orsk
43%
Rostov 245.12K Taganrog
43%
Amur 241.44K Blagoveshchensk
40%
Vologda 305.19K Cherepovets
40%
Kabardino-Balkaria 247.05K Nalchik
40%
Moscow Oblast 520.96K Balashikha
38%
Adygea 143.39K Maykop
38%
Tatarstan 548.43K Naberezhnye Chelny
38%
Moscow Oblast 314.93K Podolsk
38%
Belgorod 221.68K Stary Oskol
38%
Komi 220.58K Syktyvkar
38%
Komi 56.99K Under municipal okrug Vorkuta
38%
Mari El 281.25K Yoshkar-Ola
38%
Dagestan 124.95K Derbent
36%
Khakassia 184.77K Abakan
33%
Krasnodar 187.18K Armavir
33%
Karachay-Cherkessia 113.23K Cherkessk
33%
Altai Rep. 65.34K Gorno-Altaysk
33%
Kaliningrad 38.91K Sovetsk
33%
Rostov 81.92K Azov
31%
Jewish 70.06K Birobidzhan
31%
Khanty-Mansi 283.26K Nizhnevartovsk
31%
Rostov 226.45K Shakhty
31%
Mari El 53.01K Volzhsk
31%
Crimea 107.88K Yevpatoria
31%
Amur 61.44K Belogorsk
29%
Ingushetia 122.35K Nazran
29%
Stavropol 146.47K Pyatigorsk
29%
Arkhangelsk 157.21K Severodvinsk
29%
Altai Krai 183.85K Biysk
26%
Dagestan 121.14K Kaspiysk
26%
Tatarstan 241.48K Under municipal district Nizhnekamsk
26%
Yamalo-Nenets 47.91K Salekhard
26%
Bashkortostan 277.41K Sterlitamak
26%
Volgograd 321.48K Volzhsky
26%
Krasnodar 81.86K Under municipal okrug Anapa
24%
Nizhny Novgorod 218.63K Dzerzhinsk
24%
Leningrad 94.38K Capital of federal subject Gatchina
24%
Moscow Oblast 187.63K Krasnogorsk
24%
Moscow Oblast 224.20K Lyubertsy
24%
Moscow Oblast 152.40K Domodedovo
21%
Khanty-Mansi 107.47K Khanty-Mansiysk
21%
Moscow Oblast 228.10K Korolyov
21%
Moscow Oblast 255.43K Mytishchi
21%
Primorsky 139.93K Nakhodka
21%
Nenets 23.40K Naryan-Mar
21%
Chuvashia 120.38K Novocheboksarsk
21%
Rostov 163.67K Novocherkassk
21%
Novosibirsk 30.37K Ob
21%
Saint Petersburg 108.19K Pushkin
21%
Yaroslavl 177.30K Rybinsk
21%
Komi 79.90K Under municipal okrug Ukhta
21%
Moscow Oblast 146.40K Elektrostal
19%
Ingushetia 15.27K Magas
19%
Tyumen 100.35K Tobolsk
19%
Krasnoyarsk 54.28K ZATO Zelenogorsk
19%
Saint Petersburg 15.49K Zelenogorsk
19%
Khabarovsk 38.61K Under municipal district Amursk
17%
Nizhny Novgorod 78.37K Bor
17%
Stavropol 127.52K Kislovodsk
17%
Arkhangelsk 56.09K Kotlas
17%
Krasnodar 75.86K Under municipal district Kropotkin
17%
Rostov 103.48K Novoshakhtinsk
17%
Yamalo-Nenets 100.19K Noyabrsk
17%
Tver 55.76K Rzhev
17%
Murmansk 43.33K ZATO Severomorsk
17%
Krasnodar 61.57K Under municipal district Tuapse
17%
Rostov 168.05K Volgodonsk
17%
Krasnodar 82.94K Under municipal district Yeysk
17%
Krasnoyarsk 82.72K ZATO Zheleznogorsk
17%
Kursk 97.04K Zheleznogorsk
17%
Moscow Oblast 111.22K Zhukovsky
17%
Perm 138.07K Berezniki
14%
Khakassia 75.75K Chernogorsk
14%
Moscow Oblast 65.57K Dmitrov
14%
Vladimir 132.42K Kovrov
14%
Vladimir 107.50K Murom
14%
Khanty-Mansi 124.73K Nefteyugansk
14%
Sverdlovsk 78.48K ZATO Novouralsk
14%
Yamalo-Nenets 107.25K Novy Urengoy
14%
Samara 20.70K Oktyabrsk
14%
Moscow Oblast 110.87K Pushkino
14%
Bashkortostan 148.58K Salavat
14%
Nizhny Novgorod 93.36K ZATO Sarov
14%
Samara 165.73K Syzran
14%
Chelyabinsk 70.30K Troitsk
14%
Moscow 71.62K Troitsk
14%
Adygea 13.18K Adygeysk
12%
Tatarstan 163.51K Under municipal district Almetyevsk
12%
Crimea 20.69K Armiansk
12%
Nizhny Novgorod 104.91K Arzamas
12%
Krasnodar 55.87K Under municipal district Belorechensk
12%
Orenburg 88.34K Buzuluk
12%
Ulyanovsk 110.97K Dimitrovgrad
12%
Rostov 46.62K Donetsk
12%
Krasnodar 80.20K Gelendzhik
12%
Chechnya 64.38K Under municipal district Gudermes
12%
Tyumen 67.61K Ishim
12%
Tambov 90.45K Michurinsk
12%
Stavropol 70.49K Mineralnye Vody
12%
Bashkortostan 131.94K Neftekamsk
12%
Altai Krai 73.05K Novoaltaysk
12%
Orenburg 75.96K Novotroitsk
12%
Buryatia 24.23K Severobaykalsk
12%
Bashkortostan 56.51K Sibay
12%
Krasnodar 62.99K Under municipal district Slavyansk-on-Kuban
12%
Perm 89.47K Solikamsk
12%
Primorsky 180.39K Ussuriysk
12%
Lipetsk 99.88K Yelets
12%
Stavropol 119.66K Yessentuki
12%
Moscow 270.53K Zelenograd
12%
Amur 19.41K Zeya
12%
Primorsky 109.56K Artyom
10%
Stavropol 58.10K Budyonnovsk
10%
Perm 75.84K Chaykovsky
10%
Stavropol 63.22K Georgiyevsk
10%
Belgorod 85.23K Gubkin
10%
Moscow Oblast 37.47K Under municipal okrug Istra
10%
Dagestan 56.00K Izberbash
10%
Ingushetia 43.04K Karabulak
10%
Karachay-Cherkessia 23.87K Karachayevsk
10%
Dagestan 155.14K Khasavyurt
10%
Moscow Oblast 88.51K Klin
10%
Bryansk 63.06K Klintsy
10%
Moscow Oblast 134.85K Kolomna
10%
Chelyabinsk 147.81K Kopeysk
10%
Perm 48.78K Krasnokamsk
10%
Krasnodar 54.60K Under municipal district Krymsk
10%
Penza 78.39K Kuznetsk
10%
Krasnodar 57.43K Under municipal district Labinsk
10%
Tatarstan 60.99K Under municipal district Leninogorsk
10%
Perm 53.86K Lysva
10%
Chelyabinsk 148.00K Miass
10%
Volgograd 56.03K Mikhaylovka
10%
Samara 98.31K Novokuybyshevsk
10%
Khanty-Mansi 63.03K Nyagan
10%
Kaluga 125.38K Obninsk
10%
Bashkortostan 115.56K Oktyabrsky
10%
Saint Petersburg 17.78K Pavlovsk
10%
Sverdlovsk 114.45K Under municipal okrug Pervouralsk
10%
Kabardino-Balkaria 59.94K Prokhladny
10%
Kemerovo 177.82K Prokopyevsk
10%
Tomsk 106.65K ZATO Seversk
10%
Leningrad 65.37K Sosnovy Bor
10%
Moscow Oblast 64.41K Stupino
10%
Amur 48.52K Svobodny
10%
Krasnodar 55.69K Under municipal district Tikhoretsk
10%
Pskov 86.71K Velikiye Luki
10%
Penza 58.51K ZATO Zarechny
10%
Sverdlovsk 28.11K Under municipal okrug Zarechny
10%
Tatarstan 99.14K Under municipal district Zelenodolsk
10%
Chelyabinsk 161.77K Zlatoust
10%
Krasnoyarsk 100.62K Achinsk
7%
Perm 10.78K Under municipal okrug Alexandrovsk
7%
Primorsky 47.94K Arsenyev
7%
Kaliningrad 26.80K Baltiysk
7%
Novosibirsk 102.85K Berdsk
7%
Voronezh 60.69K Borisoglebsk
7%
Tatarstan 81.68K Under municipal district Bugulma
7%
Kostroma 20.56K Buy
7%
Dagestan 68.12K Buynaksk
7%
Samara 70.23K Chapayevsk
7%
Moscow Oblast 89.03K Under municipal okrug Chekhov
7%
Tatarstan 58.82K Under municipal district Chistopol
7%
Tula 63.84K Donskoy
7%
Moscow Oblast 74.18K Dubna
7%
Moscow Oblast 60.58K Fryazino
7%
Rostov 86.37K Kamensk-Shakhtinsky
7%
Sverdlovsk 164.19K Kamensk-Uralsky
7%
Volgograd 107.93K Kamyshin
7%
Krasnoyarsk 86.82K Kansk
7%
Kirov 66.65K Kirovo-Chepetsk
7%
Perm 15.62K Kizel
7%
Khanty-Mansi 61.44K Kogalym
7%
Moscow Oblast 63.73K Kotelniki
7%
Saint Petersburg 44.41K Kronstadt
7%
Bashkortostan 57.95K Kumertau
7%
Perm 62.67K Under municipal okrug Kungur
7%
Kursk 40.32K Kurchatov
7%
Kemerovo 92.24K Leninsk-Kuznetsky
7%
Krasnoyarsk 55.73K Lesosibirsk
7%
Moscow Oblast 82.76K Lobnya
7%
Moscow Oblast 65.21K Lytkarino
7%
Kemerovo 96.17K Mezhdurechensk
7%
Krasnoyarsk 70.09K Minusinsk
7%
Arkhangelsk 27.26K ZATO Mirny
7%
Stavropol 117.56K Nevinnomyssk
7%
Moscow Oblast 103.89K Noginsk
7%
Moscow Oblast 180.53K Odintsovo
7%
Arkhangelsk 16.95K Under municipal district Onega
7%
Moscow Oblast 105.75K Orekhovo-Zuyevo
7%
Moscow Oblast 65.10K Pavlovsky Posad
7%
Komi 35.25K Under municipal district Pechora
7%
Moscow Oblast 114.54K Under municipal okrug Ramenskoye
7%
Altai Krai 126.83K Rubtsovsk
7%
Moscow Oblast 101.76K Sergiyev Posad
7%
Sverdlovsk 94.21K Under municipal okrug Serov
7%
Moscow Oblast 133.79K Serpukhov
7%
Moscow Oblast 134.21K Shchyolkovo
7%
Ivanovo 55.23K Shuya
7%
Ingushetia 62.08K Sunzha
7%
Irkutsk 74.76K Usolye-Sibirskoye
7%
Irkutsk 79.57K Ust-Ilimsk
7%
Moscow Oblast 101.49K Vidnoye
7%
Udmurt 97.47K Votkinsk
7%
Moscow Oblast 71.69K Under municipal okrug Yegoryevsk
7%
Kamchatka 36.24K Under municipal district Yelizovo
7%
Kemerovo 79.69K Yurga
7%
Kemerovo 66.58K Anzhero-Sudzhensk
5%
Murmansk 49.65K Under municipal okrug Apatity
5%
Sverdlovsk 57.32K Under municipal okrug Asbest
5%
Kabardino-Balkaria 39.59K Baksan
5%
Rostov 126.99K Bataysk
5%
Kemerovo 68.54K Belovo
5%
Kemerovo 44.07K Beryozovsky
5%
Sverdlovsk 59.70K Under municipal okrug Beryozovsky
5%
Krasnoyarsk 15.17K Borodino
5%
Moscow Oblast 120.91K Dolgoprudny
5%
Krasnoyarsk 19.56K Capital of former federal subject Dudinka
5%
Crimea 37.01K Dzhankoi
5%
Primorsky 19.71K ZATO Fokino
5%
Orenburg 33.28K Gay
5%
Udmurt 87.76K Glazov
5%
Rostov 60.36K Gukovo
5%
Vladimir 51.55K Gus-Khrustalny
5%
Novosibirsk 57.15K Iskitim
5%
Ivanovo 77.69K Kineshma
5%
Kemerovo 83.43K Kiselyovsk
5%
Dagestan 50.00K Kizlyar
5%
Arkhangelsk 34.52K Koryazhma
5%
Sverdlovsk 55.88K Under municipal okrug Krasnoturyinsk
5%
Kursk 17.56K Lgov
5%
Khanty-Mansi 52.89K Megion
5%
Moscow Oblast 71.12K Naro-Fominsk
5%
Khabarovsk 18.63K Under municipal district Nikolayevsk-on-Amur
5%
Chelyabinsk 76.90K ZATO Ozyorsk
5%
Kamchatka 2.84K Capital of former federal subject Palana
5%
Sverdlovsk 55.18K Under municipal okrug Polevskoy
5%
Moscow Oblast 113.87K Reutov
5%
Sverdlovsk 60.20K Under municipal okrug Revda
5%
Kurgan 68.61K Shadrinsk
5%
Belgorod 39.68K Shebekino
5%
Crimea 17.83K Sudak
5%
Amur 7.19K ZATO Tsiolkovsky
5%
Krasnoyarsk 4.44K Capital of former federal subject Tura
5%
Sverdlovsk 71.34K Verkhnyaya Pyshma
5%
Moscow Oblast 95.50K Under municipal okrug Voskresensk
5%
Tatarstan 73.63K Under municipal district Yelabuga
5%
Astrakhan 24.63K ZATO Znamensk
5%
Khakassia 12.27K Abaza
2%
Orenburg 17.27K Abdulino
2%
Bashkortostan 14.22K Agidel
2%
Zabaykalsky 16.51K Capital of former federal subject Aginskoye
2%
Belgorod 36.58K Alexeyevka
2%
Altai Krai 25.38K Aleysk
2%
Crimea 31.36K Alushta
2%
Chechnya 41.62K Argun
2%
Sevastopol 35.92K Balaklava
2%
Altai Krai 14.74K Belokurikha
2%
Khabarovsk 16.24K Under municipal district Bikin
2%
Primorsky 41.83K Bolshoy Kamen
2%
Dagestan 31.41K Dagestanskiye Ogni
2%
Primorsky 33.66K Under municipal okrug Dalnegorsk
2%
Primorsky 23.61K Dalnerechensk
2%
Sevastopol 13.86K Inkerman
2%
Sverdlovsk 14.31K Under municipal okrug Ivdel
2%
Sverdlovsk 37.31K Under municipal okrug Kachkanar
2%
Omsk 21.38K Under municipal district Kalachinsk
2%
Kemerovo 21.75K Kaltan
2%
Sverdlovsk 27.12K Kamyshlov
2%
Chuvashia 44.35K Under municipal okrug Kanash
2%
Chelyabinsk 10.51K Karabash
2%
Sverdlovsk 25.88K Under municipal okrug Karpinsk
2%
Moscow Oblast 45.92K Kashira
2%
Ryazan 28.44K Kasimov
2%
Tomsk 1.82K Kedrovy
2%
Tver 40.88K Kimry
2%
Samara 36.73K Kinel
2%
Sverdlovsk 18.70K Under municipal okrug Kirovgrad
2%
Murmansk 24.86K Under municipal okrug Kirovsk
2%
Tambov 16.16K Kirsanov
2%
Dagestan 38.34K Kizilyurt
2%
Ivanovo 30.94K Kokhma
2%
Saint Petersburg 143.91K Kolpino
2%
Karelia 26.05K Kostomuksha
2%
Kirov 20.14K Kotelnich
2%
Tambov 26.69K Kotovsk
2%
Mordovia 19.79K Under municipal district Kovylkino
2%
Mari El 19.73K Kozmodemyansk
2%
Crimea 25.57K Krasnoperekopsk
2%
Sverdlovsk 37.30K Krasnoufimsk
2%
Saint Petersburg 58.65K Krasnoye Selo
2%
Moscow Oblast 43.87K ZATO Krasnoznamensk
2%
Nizhny Novgorod 32.18K Kulebaki
2%
Sverdlovsk 27.31K Under municipal okrug Kushva
2%
Orenburg 26.60K Kuvandyk
2%
Novosibirsk 41.95K Under municipal okrug Kuybyshev
2%
Chelyabinsk 36.05K Kyshtym
2%
Yamalo-Nenets 25.50K Labytnangi
2%
Primorsky 35.43K Under municipal okrug Lesozavodsk
2%
Saint Petersburg 39.09K Lomonosov
2%
Bashkortostan 15.70K Mezhgorye
2%
Tambov 39.02K Morshansk
2%
Kostroma 7.82K Under municipal okrug Neya
2%
Arkhangelsk 33.29K Novodvinsk
2%
Bryansk 38.68K Novozybkov
2%
Murmansk 1.49K ZATO Ostrovnoy
2%
Primorsky 33.83K Partizansk
2%
Kaliningrad 12.79K Pionersky
2%
Murmansk 12.29K ZATO Polyarny
2%
Khanty-Mansi 43.58K Raduzhny
2%
Vladimir 17.57K ZATO Raduzhny
2%
Amur 15.80K Raychikhinsk
2%
Crimea 24.29K Saky
2%
Udmurt 91.12K Sarapul
2%
Khakassia 44.87K Sayanogorsk
2%
Bryansk 15.91K Seltso
2%
Sverdlovsk 24.43K Under municipal okrug Severouralsk
2%
Amur 16.49K Shimanovsk
2%
Krasnodar 13.12K Federal territory Sirius
2%
Altai Krai 27.90K Slavgorod
2%
Chelyabinsk 50.62K ZATO Snezhinsk
2%
Vologda 34.74K Under municipal okrug Sokol
2%
Khabarovsk 24.23K Under municipal district Sovetskaya Gavan
2%
Primorsky 35.73K Spassk-Dalny
2%
Novgorod 27.49K Under municipal district Staraya Russa
2%
Kaliningrad 21.11K Svetly
2%
Amur 28.63K Tynda
2%
Belgorod 33.03K Valuyki
2%
Kamchatka 21.77K ZATO Vilyuchinsk
2%
Nizhny Novgorod 45.24K Vyksa
2%
Altai Krai 16.42K Yarovoye
2%
Krasnoyarsk 17.54K Yeniseysk
2%
Altai Krai 41.27K Zarinsk
2%
Tuva 12.46K Ak-Dovurak
0%
Sverdlovsk 36.19K Under municipal okrug Alapayevsk
0%
Chuvashia 32.27K Under municipal okrug Alatyr
0%
Tatarstan 34.75K Under municipal district Aznakayevo
0%
Novosibirsk 27.65K Under municipal okrug Barabinsk
0%
Tatarstan 21.63K Under municipal district Bavly
0%
Khanty-Mansi 19.99K Under municipal okrug Beloyarsky
0%
Krasnoyarsk 18.21K Bogotol
0%
Novgorod 47.88K Under municipal district Borovichi
0%
Moscow Oblast 21.83K Bronnitsy
0%
Orenburg 43.59K Buguruslan
0%
Tatarstan 19.97K Under municipal district Buinsk
0%
Chelyabinsk 44.69K Chebarkul
0%
Irkutsk 53.96K Cheremkhovo
0%
Moscow Oblast 19.53K Chernogolovka
0%
Nizhny Novgorod 11.54K Chkalovsk
0%
Perm 45.47K Chusovoy
0%
Smolensk 25.35K Desnogorsk
0%
Krasnoyarsk 27.48K Divnogorsk
0%
Perm 28.78K Dobryanka
0%
Volgograd 35.66K Frolovo
0%
Kostroma 12.86K Galich
0%
Krasnodar 40.90K Under municipal okrug Goryachy Klyuch
0%
Perm 8.36K Under municipal okrug Gremyachinsk
0%
Perm 23.40K Under municipal okrug Gubakha
0%
Yamalo-Nenets 33.27K Gubkinsky
0%
Kemerovo 22.13K Under municipal okrug Guryevsk
0%
Komi 20.27K Under municipal okrug Inta
0%
Sverdlovsk 37.01K Irbit
0%
Omsk 20.52K Under municipal district Isilkul
0%
Sverdlovsk 21.51K Under municipal okrug Krasnouralsk
0%
Perm 28.29K Under municipal okrug Kudymkar
0%
Kaliningrad 3.67K Ladushkin
0%
Khanty-Mansi 42.70K Langepas
0%
Stavropol 22.44K Lermontov
0%
Sverdlovsk 48.26K ZATO Lesnoy
0%
Oryol 43.55K Livny
0%
Moscow Oblast 29.00K Losino-Petrovsky
0%
Moscow Oblast 29.89K Under municipal okrug Lukhovitsy
0%
Ingushetia 36.48K Malgobek
0%
Kaliningrad 8.31K Mamonovo
0%
Kostroma 13.04K Manturovo
0%
Kemerovo 40.78K Under municipal okrug Mariinsk
0%
Orenburg 23.69K Mednogorsk
0%
Murmansk 39.96K Under municipal okrug Monchegorsk
0%
Moscow Oblast 33.88K Under municipal okrug Mozhaysk
0%
Udmurt 44.35K Mozhga
0%
Oryol 36.96K Mtsensk
0%
Yamalo-Nenets 29.23K Muravlenko
0%
Kemerovo 40.11K Myski
0%
Yamalo-Nenets 45.97K Under municipal okrug Nadym
0%
Nizhny Novgorod 14.66K Navashino
0%
Krasnoyarsk 45.33K Nazarovo
0%
Omsk 10.43K Under municipal district Nazyvayevsk
0%
Kostroma 19.98K Under municipal district Nerekhta
0%
Sverdlovsk 16.51K Under municipal okrug Nizhnyaya Salda
0%
Sverdlovsk 18.39K Under municipal okrug Nizhnyaya Tura
0%
Ulyanovsk 13.67K Novoulyanovsk
0%
Voronezh 30.66K Novovoronezh
0%
Tatarstan 33.99K Under municipal district Nurlat
0%
Murmansk 21.44K Under municipal okrug Olenegorsk
0%
Kemerovo 40.37K Osinniki
0%
Samara 46.98K Otradny
0%
Yaroslavl 37.74K Pereslavl-Zalessky
0%
Nizhny Novgorod 9.00K Perevoz
0%
Nizhny Novgorod 13.22K Pervomaysk
0%
Saint Petersburg 80.70K Petergof
0%
Khanty-Mansi 16.04K Pokachi
0%
Samara 27.33K Pokhvistnevo
0%
Murmansk 14.15K Under municipal okrug Polyarnye Zori
0%
Kemerovo 25.63K Polysayevo
0%
Khanty-Mansi 40.18K Pyt-Yakh
0%
Tambov 47.64K Rasskazovo
0%
Moscow Oblast 16.01K Under municipal okrug Ruza
0%
Mordovia 42.99K Under municipal district Ruzayevka
0%
Ryazan 21.63K Sasovo
0%
Irkutsk 35.56K Sayansk
0%
Nizhny Novgorod 25.08K Semyonov
0%
Saint Petersburg 45.70K Sestroretsk
0%
Nizhny Novgorod 17.63K Shakhunya
0%
Kostroma 20.44K Sharya
0%
Krasnoyarsk 33.96K Sharypovo
0%
Moscow Oblast 38.23K Under municipal okrug Shatura
0%
Moscow 56.53K Shcherbinka
0%
Kursk 14.93K Shchigry
0%
Saratov 5.16K Shikhany
0%
Chuvashia 26.87K Under municipal okrug Shumerlya
0%
Ryazan 25.24K Skopin
0%
Kirov 29.15K Slobodskoy
0%
Orenburg 26.15K Sol-Iletsk
0%
Moscow Oblast 48.41K Solnechnogorsk
0%
Orenburg 28.48K Sorochinsk
0%
Khakassia 10.12K Sorsk
0%
Karelia 14.87K Under municipal okrug Sortavala
0%
Komi 22.19K Under municipal district Sosnogorsk
0%
Krasnoyarsk 40.44K Sosnovoborsk
0%
Tomsk 39.17K Strezhevoy
0%
Kaliningrad 16.21K Svetlogorsk
0%
Irkutsk 15.49K Svirsk
0%
Moscow Oblast 17.32K Taldom
0%
Omsk 26.88K Under municipal district Tara
0%
Kemerovo 21.98K Under municipal district Tashtagol
0%
Novosibirsk 23.71K Under municipal okrug Tatarsk
0%
Kemerovo 22.38K Tayga
0%
Ivanovo 31.31K Teykovo
0%
Kemerovo 27.16K Under municipal okrug Topki
0%
Tver 41.12K Torzhok
0%
Chelyabinsk 32.46K ZATO Tryokhgorny
0%
Irkutsk 38.44K Tulun
0%
Yaroslavl 39.64K Under municipal okrug Tutayev
0%
Omsk 9.89K Under municipal district Tyukalinsk
0%
Yaroslavl 32.72K Under municipal okrug Uglich
0%
Khanty-Mansi 41.32K Uray
0%
Volgograd 36.67K Uryupinsk
0%
Komi 32.18K Under municipal okrug Usinsk
0%
Chelyabinsk 21.44K Ust-Katav
0%
Irkutsk 15.36K Capital of former federal subject Ust-Ordynsky
0%
Tambov 23.58K Uvarovo
0%
Vologda 28.67K Under municipal okrug Veliky Ustyug
0%
Chelyabinsk 22.98K Verkhny Ufaley
0%
Ivanovo 30.69K Vichuga
0%
Kostroma 14.36K Volgorechensk
0%
Moscow Oblast 26.39K Under municipal okrug Volokolamsk
0%
Komi 9.32K Under municipal okrug Vuktyl
0%
Kirov 29.74K Vyatskiye Polyany
0%
Tyumen 38.85K Yalutorovsk
0%
Orenburg 15.47K Yasny
0%
Khanty-Mansi 38.24K Yugorsk
0%
Dagestan 10.50K Yuzhno-Sukhokumsk
0%
Chelyabinsk 37.48K Yuzhnouralsk
0%
Tatarstan 39.74K Under municipal district Zainsk
0%
Murmansk 7.76K ZATO Zaozyorsk
0%
Moscow Oblast 20.74K Under municipal okrug Zaraysk
0%
Tyumen 27.10K Zavodoukovsk
0%
Stavropol 22.86K Zheleznovodsk
0%
Samara 50.47K Zhigulevsk
0%
Irkutsk 30.64K Zima
0%
Rostov 19.35K Zverevo
0%
No matching quizzes found
Score Distribution
Percent of People with Each Score
Percentile by Number Answered
Your Score History
You have not taken this quiz